<?xml version="1.0" encoding="UTF-8"?>
<record
    xmlns:xsi="http://www.w3.org/2001/XMLSchema-instance"
    xsi:schemaLocation="http://www.loc.gov/MARC21/slim http://www.loc.gov/standards/marcxml/schema/MARC21slim.xsd"
    xmlns="http://www.loc.gov/MARC21/slim">

  <leader>01508nam2a22002651  4500</leader>
  <controlfield tag="001">RU\NLR\INFOCOMM16\1000075355</controlfield>
  <controlfield tag="005">20250617063801.0</controlfield>
  <datafield tag="035" ind1=" " ind2=" ">
    <subfield code="a">(NLR Aleph) 002526711</subfield>
  </datafield>
  <datafield tag="090" ind1=" " ind2=" ">
    <subfield code="a">2812256</subfield>
    <subfield code="c">2812256</subfield>
  </datafield>
  <datafield tag="100" ind1=" " ind2=" ">
    <subfield code="a">20040422d1974    |||y0rusy50      ca</subfield>
  </datafield>
  <datafield tag="101" ind1="0" ind2=" ">
    <subfield code="a">rus</subfield>
  </datafield>
  <datafield tag="102" ind1=" " ind2=" ">
    <subfield code="a">RU</subfield>
  </datafield>
  <datafield tag="105" ind1=" " ind2=" ">
    <subfield code="a">y   |||||||||</subfield>
  </datafield>
  <datafield tag="200" ind1="1" ind2=" ">
    <subfield code="a">&#x41E;&#x442;&#x434;&#x435;&#x43B;&#x43A;&#x430; &#x449;&#x438;&#x442;&#x43E;&#x432;&#x44B;&#x445; &#x434;&#x435;&#x442;&#x430;&#x43B;&#x435;&#x439; &#x43C;&#x435;&#x431;&#x435;&#x43B;&#x438; &#x431;&#x443;&#x43C;&#x430;&#x436;&#x43D;&#x43E;-&#x441;&#x43C;&#x43E;&#x43B;&#x44F;&#x43D;&#x44B;&#x43C;&#x438; &#x438; &#x431;&#x443;&#x43C;&#x430;&#x436;&#x43D;&#x43E;-&#x43B;&#x430;&#x43A;&#x43E;&#x432;&#x44B;&#x43C;&#x438; &#x43F;&#x43E;&#x43A;&#x440;&#x44B;&#x442;&#x438;&#x44F;&#x43C;&#x438;</subfield>
    <subfield code="f">&#x41F;.&#x41A;. &#x421;&#x442;&#x443;&#x43A;&#x43E;&#x432;, &#x410;.&#x41D;. &#x41E;&#x442;&#x43B;&#x438;&#x432;&#x430;&#x43D;&#x447;&#x438;&#x43A;</subfield>
  </datafield>
  <datafield tag="210" ind1=" " ind2=" ">
    <subfield code="d">1974</subfield>
    <subfield code="a">&#x411;. &#x43C;.</subfield>
  </datafield>
  <datafield tag="461" ind1=" " ind2="0">
    <subfield code="1">001RU\NLR\INFOCOMM16\1000075342</subfield>
    <subfield code="1">2001#$a&#x41C;&#x435;&#x441;&#x442;&#x43D;&#x430;&#x44F; &#x43F;&#x440;&#x43E;&#x43C;&#x44B;&#x448;&#x43B;&#x435;&#x43D;&#x43D;&#x43E;&#x441;&#x442;&#x44C;$e&#x41E;&#x431;&#x437;&#x43E;&#x440;. &#x438;&#x43D;&#x444;&#x43E;&#x440;&#x43C;.$h&#x421;&#x435;&#x440;&#x438;&#x44F; 4$i&#x414;&#x435;&#x440;&#x435;&#x432;&#x43E;&#x43E;&#x431;&#x440;&#x430;&#x431;&#x43E;&#x442;&#x43A;&#x430;, &#x43F;&#x440;&#x43E;&#x438;&#x437;&#x432;&#x43E;&#x434;&#x441;&#x442;&#x432;&#x43E; &#x43C;&#x435;&#x431;&#x435;&#x43B;&#x438; &#x438; &#x448;&#x43A;&#x43E;&#x43B;&#x44C;&#x43D;&#x43E;-&#x43F;&#x438;&#x441;&#x44C;&#x43C;&#x435;&#x43D;&#x43D;&#x44B;&#x445; &#x43F;&#x440;&#x438;&#x43D;&#x430;&#x434;&#x43B;&#x435;&#x436;&#x43D;&#x43E;&#x441;&#x442;&#x435;&#x439;$f&#x41C;-&#x432;&#x43E; &#x43C;&#x435;&#x441;&#x442;. &#x43F;&#x440;&#x43E;&#x43C;-&#x441;&#x442;&#x438; &#x420;&#x421;&#x424;&#x421;&#x420;. &#x426;&#x411;&#x41D;&#x422;&#x418;$v1974, &#x412;&#x44B;&#x43F;.2</subfield>
    <subfield code="9">2812144</subfield>
    <subfield code="c">&#x41C;.</subfield>
    <subfield code="d">1970-1990</subfield>
    <subfield code="f">&#x41C;-&#x432;&#x43E; &#x43C;&#x435;&#x441;&#x442;. &#x43F;&#x440;&#x43E;&#x43C;-&#x441;&#x442;&#x438; &#x420;&#x421;&#x424;&#x421;&#x420;. &#x426;&#x411;&#x41D;&#x422;&#x418;</subfield>
    <subfield code="h">&#x421;&#x435;&#x440;&#x438;&#x44F; 4</subfield>
    <subfield code="i">&#x414;&#x435;&#x440;&#x435;&#x432;&#x43E;&#x43E;&#x431;&#x440;&#x430;&#x431;&#x43E;&#x442;&#x43A;&#x430;, &#x43F;&#x440;&#x43E;&#x438;&#x437;&#x432;&#x43E;&#x434;&#x441;&#x442;&#x432;&#x43E; &#x43C;&#x435;&#x431;&#x435;&#x43B;&#x438; &#x438; &#x448;&#x43A;&#x43E;&#x43B;&#x44C;&#x43D;&#x43E;-&#x43F;&#x438;&#x441;&#x44C;&#x43C;&#x435;&#x43D;&#x43D;&#x44B;&#x445; &#x43F;&#x440;&#x438;&#x43D;&#x430;&#x434;&#x43B;&#x435;&#x436;&#x43D;&#x43E;&#x441;&#x442;&#x435;&#x439;</subfield>
    <subfield code="o">&#x41E;&#x431;&#x437;&#x43E;&#x440;. &#x438;&#x43D;&#x444;&#x43E;&#x440;&#x43C;.</subfield>
    <subfield code="t">&#x41C;&#x435;&#x441;&#x442;&#x43D;&#x430;&#x44F; &#x43F;&#x440;&#x43E;&#x43C;&#x44B;&#x448;&#x43B;&#x435;&#x43D;&#x43D;&#x43E;&#x441;&#x442;&#x44C;</subfield>
    <subfield code="x">0135-6542</subfield>
    <subfield code="v">1974, &#x412;&#x44B;&#x43F;.2</subfield>
  </datafield>
  <datafield tag="700" ind1=" " ind2="1">
    <subfield code="a">&#x421;&#x442;&#x443;&#x43A;&#x43E;&#x432;</subfield>
    <subfield code="b">&#x41F;.&#x41A;.</subfield>
    <subfield code="4">070</subfield>
  </datafield>
  <datafield tag="701" ind1=" " ind2="1">
    <subfield code="a">&#x41E;&#x442;&#x43B;&#x438;&#x432;&#x430;&#x43D;&#x447;&#x438;&#x43A;</subfield>
    <subfield code="b">&#x410;.&#x41D;.</subfield>
    <subfield code="4">070</subfield>
  </datafield>
  <datafield tag="801" ind1=" " ind2="1">
    <subfield code="a">RU</subfield>
    <subfield code="b">InfoComm</subfield>
    <subfield code="c">20040422</subfield>
  </datafield>
  <datafield tag="801" ind1=" " ind2="0">
    <subfield code="a">RU</subfield>
    <subfield code="b">NLR</subfield>
    <subfield code="g">PSBO</subfield>
  </datafield>
  <datafield tag="852" ind1=" " ind2=" ">
    <subfield code="a">NLR</subfield>
    <subfield code="j">&#x41F;10/3852</subfield>
  </datafield>
  <datafield tag="942" ind1=" " ind2=" ">
    <subfield code="c">ISSUE</subfield>
  </datafield>
  <datafield tag="980" ind1=" " ind2=" ">
    <subfield code="a">NB</subfield>
  </datafield>
  <datafield tag="980" ind1=" " ind2=" ">
    <subfield code="a">RUSPER</subfield>
  </datafield>
</record>
